000 00678nac a22001931u 4500
010 _a 65042153
082 _a658.202
_bSt491
090 _c3492
_d3492
100 _aStewart, Harold Vivian. [from
245 1 0 _aGuide to efficient maintenance management /
_cH.V.M. Stewart.
260 _aLondon,
_bBusiness Publications
_c[1963]
300 _ax, 157 p.
_billus.
_c23 cm.
500 _aDonations.
500 _aDonations - Bibliotheca Alexandrina.
504 _aIncludes Index.
650 0 _aPlant maintenance.
942 _cBB
_k658.202St491
999 _c3492
_d3492